000 00350nam a2200169Ia 4500
100 _aBasu/Prabir K/ Dhasmana H
650 _aPhysics
250 _a2
942 _cBK
366 _f25
245 _aEngineering physics
260 _bAne Books India
_c2010
082 _a530
_bBAS
300 _a190
546 _aENGLISH
_cComputers
999 _c23620
_d23620